Twenty One Pilots Songs by Emoji - Statistics

General Stats
  • This quiz has been taken 584 times
  • The average score is 12 of 15
Answer Stats
Hint Answer % Correct
πŸš—πŸ“» Car Radio
97%
πŸ† Pet Cheetah
91%
βœ‚οΈπŸ‘„ Cut My Lip
88%
πŸ”«βœ‹ Guns For Hands
88%
πŸš• Taxi Cab
87%
πŸ“ΊπŸ‘Ž We Don't Believe What''s On TV
87%
βœ‰οΈπŸ‘¨ Message Man
86%
πŸ”™πŸ› Backslide
84%
πŸͺ€πŸšͺ Trapdoor
81%
πŸ§‘β€βš–οΈ The Judge
75%
2️⃣ Two
75%
πŸ«°πŸ”™ Snap Back
73%
πŸš—πŸ”¦πŸͺ¦ A Car A Torch A Death
68%
πŸ“Ί Screen
53%
πŸ•΄οΈπŸ•΄οΈ Lavish
37%
No matching quizzes found
Score Distribution
Percent of People with Each Score
Percentile by Number Answered
Your Score History
You have not taken this quiz